Účinné metódy boja proti varroatóze

Podrobná bibliografia
Hlavný autor: Geleneky, Ján (Autor)
Médium: Článok
Jazyk:slovenčina
Predmet:

MARC

LEADER 00000nab a2200000 a 4500
001 vtls000163749
003 SK-MaSNL
005 20260304062513.0
008 250422c1983 xo 0 slo
015 |a SNBRB19rr/mm-uuuuu 
035 |a CL0173860 
035 |a urn:nbn:sk:snk-abdlvf 
035 |a (urnnbn)urn:nbn:sk:snk:ar-003bku 
035 |a (uuid)a72b98c2-2f2b-4d69-b0f9-03e802165907 
040 |a SNKBUCL  |b slo  |c SNKBUCL  |e AACR2 
041 0 |a slo 
044 |a xo  |c SK 
080 |a 638.15  |2 1981 
080 |a 615.2  |2 1981 
080 |a 619  |2 1981 
100 1 |a Geleneky, Ján  |4 aut  |9 1133160 
245 1 0 |a Účinné metódy boja proti varroatóze  |c Ján Geleneky 
650 0 7 |a včelstvá  |2 snkbucl  |9 16615 
650 0 7 |a varroáza  |2 snkbucl  |9 182598 
655 7 |a články z novín a časopisov  |2 snkbucl  |9 267496 
773 0 |t Včelár  |g Roč. 57, č. 8 (1983), s. 189 
850 |a Slovenská národná knižnica 
852 |a Slovenská národná knižnica 
954 |a odborná, vedecká literatúra pôvodná (slovenská)  |2 lita 
958 |a article19 
958 |a OND 
958 |a RK 
958 |a MI 
958 |a EUIPO 
992 |a RBX 
999 |c 2738531  |d 2740461